| 000 | 01068cad a22002655a 4500 | ||
|---|---|---|---|
| 001 | E152301 | ||
| 008 | 110221s2010 xxkabd f s 000 0 eng d | ||
| 020 | _a9781842195963 | ||
| 035 | _a(Sirsi) u152301 | ||
| 041 | 0 | _aeng | |
| 100 | 1 | _aFoss, Chris | |
| 111 | 2 |
_aRICS Roots Rural Research Conference _cPlumpton College _d13-14 April, 2010 |
|
| 245 | 0 | 1 |
_a"Champagne comes to England" _bassessing the potential of GIS in the identification of prime vineyard sites in south east England _h[electronic resource] |
| 260 |
_aLondon _bRICS _c2010 |
||
| 520 | _aA paper presented at the RICS Roots Rural Research Conference held at Plumpton College on 13-14 April, 2010. | ||
| 521 | _aAdvanced | ||
| 590 | _aKA | ||
| 651 | 4 |
_aEngland _y886- |
|
| 690 | _aENVIRONMENTAL AND LAND CONSULTANCY-GEOMATICS | ||
| 700 | 1 | _aMorris, David | |
| 700 | 1 | _aBurnside, Niall | |
| 700 | 1 | _aRavenscroft, Neil | |
| 856 | 4 | 0 |
_uhttps://www.rics.org/profession-standards/knowledge-and-information-services/document-delivery-and-o _zemail [email protected] to request a copy |
| 942 | _n0 | ||
| 999 |
_c111976 _d111976 |
||